Entrez le nombre de zéros demandé - Statistiques

Statistiques générales
  • Ce quiz a été pris 149 fois
  • Le résultat moyen est 13 sur 15
Statistiques - réponses
Hint Réponse % Correct
16 0000000000000000 1
100%
7 + 9 0000000000000000 3
87%
10 0000000000 2
87%
8 00000000 5
87%
3 + 3 000000 4
87%
4 0000 6
87%
1 0 7
87%
18 000000000000000000 9
85%
12 000000000000 8
85%
9 000000000 10
85%
2 00 12
84%
11 + 11 0000000000000000000000 14
81%
20 00000000000000000000 13
81%
17 - 9 00000000 11
81%
25 0000000000000000000000000 15
76%
Aucun quiz correspondant
Distribution des résultats
% des personnes avec chaque résultat
Percentile par nombre de réponses
Votre historique - résultats
Vous n’avez pas pris ce quiz